000 00402nam a2200157Ia 4500
008 230711s9999||||xx |||||||||||||| ||und||
041 _aENG
082 _a720
_bDE-I
100 _aDennis,Sharp
245 4 _aThe illustrated encyclopedia of architects and Architecture
250 _a1st Ed.
260 _c1991
_aNew Jersy
_bWhitney Corporative
300 _a250
650 _aArchitecture
942 _cBK
999 _c2841
_d2841